000
00244nam a2200109Ia 4500
008
220216s9999 xx 000 0 und d
100
_a
Doux J A Le
245
0
_a
Rubber manufacture
260
_b
Planter
_c
1954
300
_a
602-606
942
_c
JS
999
_c
67794
_d
67794